Sports Quiz

Random Sports Quiz

Shaq: Stats, Nicknames, and Teams Quiz Stats

 Plays Quiz not verified by Sporcle

Challenge
Share
Tweet
Embed
Score 0/32 Timer 07:00
0 Plays Today
Hint Stat/Nickname/Team % Correct
Team #2Los Angeles Lakers
91.8%
How many titles with that team?One
91.8%
How many titles with that team?Zero
90.8%
How many titles with that team?Three
90.8%
How many titles with that team?Zero
90.8%
How many titles with that team?Zero
90.8%
How many titles with that team?Zero
90.8%
Team #1Orlando Magic
89.8%
Team #3Miami Heat
89.8%
Team #6Boston Celtics
88.8%
Team #4Phoenix Suns
86.7%
Team #5Cleveland Cavaliers
86.7%
Nickname #1Shaq
84.7%
Nickname #13Dr. Shaq
84.7%
Nickname #2The Diesel
70.4%
Nickname #5Superman
54.1%
Hint Stat/Nickname/Team % Correct
Nickname #8The Big Shaqtus
37.8%
Nickname #3Shaq Fu
33.7%
Nickname #7The Big Cactus
32.7%
Nickname #14The Big Shamrock
31.6%
(Round to nearest 100th) Points: 28596
29.6%
(Round to nearest 100th) Missed Free Throws:5137
19.4%
(Round to nearest 100th) Rebounds:13099
14.3%
Nickname #10Wilt Chamberneezy
14.3%
Nickname #4The Big Daddy
10.2%
Nickname #15The Big Leprechaun
6.1%
Nickname #16Shaqovic
4.1%
Nickname #9The Big Galactus
2%
Nickname #12The Real Deal
2%
Nickname #17The Big Conductor
2%
Nickname #6The Big Agave
1%
Nickname #11The Big Baryshnikov
1%

You're not logged in!

Compare scores with friends on all Sporcle quizzes.
Join for Free
OR
Log In

You Might Also Like...

Show Comments

Extras

Top Quizzes Today


Score Distribution

Your Account Isn't Verified!

In order to create a playlist on Sporcle, you need to verify the email address you used during registration. Go to your Sporcle Settings to finish the process.

Report this User

Report this user for behavior that violates our Community Guidelines.

Details: